[Event "Reykjavik Open 2017"]
[Site "Reykjavik ISL"]
[Date "2017.04.21"]
[Round "4.99"]
[White "Hjaltason,Elvar Orn"]
[Black "Magnussen,P"]
[Result "0-1"]
[WhiteElo "1643"]
[BlackElo "1909"]

1.Nf3 Nf6 2.c4 g6 3.g3 Bg7 4.Bg2 c5 5.Nc3 Nc6 6.O-O O-O 7.d3 d5 8.cxd5 Nxd5
9.Nxd5 Qxd5 10.Be3 Qh5 11.Rc1 b6 12.Ng5 Nd4 13.Bxa8 Nxe2+ 14.Kh1 Bg4 15.f3
Nxg3+ 16.Kg2 Nxf1 17.Qxf1 Bd7 18.Bd5 h6 19.f4 hxg5 20.Qf3 Bg4 21.Qg3 gxf4
22.Qxf4 Qxd5+ 23.Kf2 Qf5 24.Rg1 Qxf4+ 25.Bxf4 Bf5 26.h4 Bd4+ 27.Be3 Bxb2 {#R}
0-1

[Event "Reykjavik Open 2017"]
[Site "Reykjavik ISL"]
[Date "2017.04.21"]
[Round "4.101"]
[White "Nielsen,Allan"]
[Black "Zybura,Andre"]
[Result "1-0"]
[WhiteElo "1606"]
[BlackElo "1894"]

1.e4 e5 2.Nf3 Nf6 3.Nc3 Nc6 4.Bb5 Bc5 5.O-O O-O 6.d3 Nd4 7.Nxe5 c6 8.Bc4 Qe7
9.Nf3 d5 10.exd5 Bg4 11.dxc6 Rfe8 12.Nd5 Nxd5 13.Bxd5 Qf6 14.cxb7 Rad8 15.Bg5
Qg6 16.Bxd8 Rxd8 17.Ne5 Bxd1 18.Nxg6 hxg6 19.Raxd1 {#r} 1-0

[Event "Reykjavik Open 2017"]
[Site "Reykjavik ISL"]
[Date "2017.04.21"]
[Round "4.102"]
[White "Kakulidis,Ellen"]
[Black "Tan,Teck Woon"]
[Result "1-0"]
[WhiteElo "1892"]
[BlackElo "1636"]

1.d4 Nf6 2.g3 e6 3.Bg2 d5 4.Nf3 Bd6 5.O-O O-O 6.c4 b6 7.cxd5 exd5 8.Nc3 Bb7
9.Qc2 a6 10.a3 c5 11.Rd1 c4 12.Nh4 Re8 13.Bg5 Be7 14.Nf5 Nbd7 15.Nxe7+ Qxe7
16.e3 Qe6 17.Bxf6 Nxf6 18.Re1 Qd6 19.Rad1 b5 20.f3 Bc6 21.e4 Qc7 22.e5 Nd7
23.f4 Nf8 24.Nxd5 Bxd5 25.Bxd5 Rad8 26.Be4 Qb6 27.Qf2 a5 28.d5 Qb8 29.Rc1 h6
30.Kg2 Re7 31.d6 Ra7 32.f5 Nd7 33.Bf3 Nxe5 34.Rxe5 Rxd6 35.Rce1 Qc7 36.Rxb5
Qd7 37.Rb8+ Kh7 38.Ree8 g6 39.Rh8+ Kg7 40.f6+ {#r} 1-0

[Event "Reykjavik Open 2017"]
[Site "Reykjavik ISL"]
[Date "2017.04.21"]
[Round "4.105"]
[White "Breidfjord,P"]
[Black "Eminov,Sinan"]
[Result "1-0"]
[WhiteElo "1866"]
[BlackElo "1537"]

1.e4 e5 2.Nf3 Nf6 3.Nc3 Bb4 4.Bc4 d6 5.h3 O-O 6.d3 c6 7.Bg5 h6 8.Bd2 Qe7 9.O-O
Be6 10.Bb3 Nbd7 11.Nd5 cxd5 12.exd5 Nxd5 13.Bxd5 Bxd5 14.Bxb4 Qf6 15.Nh2 Rfe8
16.Ng4 Qg6 17.Ne3 Bc6 18.Qg4 Qxg4 19.hxg4 Re6 20.c4 g6 21.Rad1 Nf6 22.d4 exd4
23.Rxd4 Ne4 24.Re1 Rae8 25.f3 Nf6 26.Kf2 d5 27.cxd5 Nxd5 28.Nxd5 Bxd5 29.Rxd5
{#r} 1-0

[Event "Reykjavik Open 2017"]
[Site "Reykjavik ISL"]
[Date "2017.04.21"]
[Round "4.109"]
[White "Petursson,Armann"]
[Black "Smith,Lynda"]
[Result "0-1"]
[WhiteElo "1227"]
[BlackElo "1849"]

1.d4 f5 2.e4 fxe4 3.Nc3 Nf6 4.Bg5 b6 5.Bxf6 exf6 6.Nxe4 Bb7 7.Ng3 g6 8.Nf3 Bg7
9.Bc4 Qe7+ 10.Qe2 Qxe2+ 11.Nxe2 Nc6 12.O-O O-O-O 13.c3 Na5 14.Bb5 Rde8 15.Nc1
a6 16.Bd3 Re7 17.Nb3 Nc6 18.c4 Nb4 19.Rfe1 Rhe8 20.Rxe7 Rxe7 21.Bf1 f5 22.a3
Nc6 23.Rd1 a5 24.d5 Ne5 25.Nxe5 Bxe5 26.Re1 Bxh2+ 27.Kxh2 Rxe1 28.Nd2 Rd1 {#R}
0-1

[Event "Reykjavik Open 2017"]
[Site "Reykjavik ISL"]
[Date "2017.04.21"]
[Round "4.113"]
[White "Meier,Ger"]
[Black "Thorarensen,A"]
[Result "1-0"]
[WhiteElo "1779"]
[BlackElo "1686"]

1.e4 e6 2.d4 d5 3.Nd2 c5 4.c3 Nf6 5.e5 Ne4 6.Bd3 Nxd2 7.Bxd2 Nc6 8.Nf3 Bd7
9.dxc5 Bxc5 10.b4 Bb6 11.b5 Ne7 12.O-O Rc8 13.Ng5 h6 14.Nh3 Nf5 15.Qg4 h5
16.Qf3 Qh4 17.Bxf5 exf5 18.Qxd5 Qc4 19.Qxc4 Rxc4 20.a4 Be6 21.a5 Bc7 22.Rfe1
Rc5 23.b6 Bxe5 24.bxa7 O-O 25.Rxe5 Rxe5 26.Bf4 f6 27.Bxe5 fxe5 28.Rb1 Bd5
29.a6 bxa6 30.Rb8 Bc6 31.Ng5 {#r} 1-0

[Event "Reykjavik Open 2017"]
[Site "Reykjavik ISL"]
[Date "2017.04.21"]
[Round "4.117"]
[White "Marhoefer,Daniel"]
[Black "Tummasarson,Flovin M."]
[Result "1-0"]
[WhiteElo "1714"]
[BlackElo "1224"]

1.e4 e5 2.Nf3 Nc6 3.Bc4 Bc5 4.c3 Nf6 5.d4 exd4 6.cxd4 Bb6 7.e5 Ne4 8.O-O d5
9.exd6 Nxd6 10.Re1+ Ne7 11.Bb3 Bg4 12.Bg5 f6 13.Bh4 Bxf3 14.Qxf3 Bxd4 15.Nc3
Be5 16.Bg3 Nc6 17.Qg4 Qd7 18.Be6 Qe7 19.Nd5 Qd8 20.Qxg7 {#r} 1-0

[Event "Reykjavik Open 2017"]
[Site "Reykjavik ISL"]
[Date "2017.04.21"]
[Round "4.119"]
[White "Arnarson,Smari"]
[Black "Theuer,Lorenz"]
[Result "1-0"]
[WhiteElo "1550"]
[BlackElo "1583"]

1.e4 e6 2.d4 d5 3.Nd2 Nf6 4.e5 Nfd7 5.Bd3 c5 6.c3 Nc6 7.Ne2 cxd4 8.cxd4 f6
9.exf6 Nxf6 10.Nf3 Bd6 11.O-O Qc7 12.Bg5 O-O 13.Bh4 Nh5 14.Qc2 h6 15.Bg6 Rxf3
16.Bxh5 Rf8 17.Bg3 Bd7 18.Rac1 Bxg3 19.fxg3 Qb6 20.Qd2 e5 21.Kh1 e4 22.a3 Na5
23.Nf4 Bc6 24.Ne6 Rxf1+ 25.Rxf1 Bd7 26.Nxg7 Kxg7 27.Rf7+ Kg8 28.Rxd7 Rf8
29.Qd1 Qxd4 30.Qxd4 {#r} 1-0

[Event "Reykjavik Open 2017"]
[Site "Reykjavik ISL"]
[Date "2017.04.21"]
[Round "4.124"]
[White "Thorsteinsdottir,Svava"]
[Black "Nielsen,Suni I Horni"]
[Result "0-1"]
[WhiteElo "1358"]
[BlackElo "1167"]

1.d4 d5 2.c4 c6 3.Nc3 Nf6 4.Bf4 Bf5 5.e3 e6 6.Bd3 Bxd3 7.Qxd3 Bb4 8.c5 Ne4
9.Ne2 Bxc3+ 10.Nxc3 Nxc3 11.Qxc3 Nd7 12.O-O g5 13.Bd6 h5 14.f4 Rg8 15.f5 Qf6
16.Rf2 exf5 17.Raf1 Qg6 18.Rxf5 f6 19.Qa5 Rg7 20.Qc7 Nb6 21.Rxf6 Qxf6 22.Rxf6
Rxc7 23.Bxc7 Ke7 24.Rf5 Nc4 25.Rxg5 Kd7 26.Rg7+ Ke6 27.Bd6 Kf6 28.Rxb7 Rg8
29.g3 Kf5 30.Rf7+ Ke4 31.Be5 a5 32.Rh7 Rf8 33.Bf4 Nxb2 {#R} 0-1

[Event "Reykjavik Open 2017"]
[Site "Reykjavik ISL"]
[Date "2017.04.21"]
[Round "4.125"]
[White "Fjallheim,Benjamin Reinert"]
[Black "Thorisson,Bjartur"]
[Result "1-0"]
[WhiteElo "1322"]
[BlackElo "1071"]

1.e4 c5 2.Nc3 e6 3.f4 Nf6 4.Nf3 Nc6 5.Bb5 Qc7 6.d3 a6 7.Bxc6 bxc6 8.O-O Be7
9.h3 O-O 10.Be3 Bb7 11.Ne5 d6 12.Ng4 Nd7 13.f5 exf5 14.Rxf5 Rfe8 15.Qf3 f6
16.Qg3 Kh8 17.Rh5 Nf8 18.Bxc5 Rac8 19.Be3 Qd7 20.Ne2 d5 21.Nf4 Bd6 22.exd5
cxd5 23.Qf2 Rc7 24.Nxd5 Bxd5 25.Rxd5 Rec8 26.Nxf6 gxf6 27.Qxf6+ Kg8 28.Qxd6
Qg7 29.Rg5 Ng6 30.Qe6+ Rf7 31.Qxc8+ Rf8 32.Qc4+ Rf7 33.Rf1 h6 34.Rxf7 Qxf7
35.Rxg6+ Kf8 36.Bxh6+ Ke8 37.Qc8+ Ke7 38.Bg5+ Qf6 39.Rxf6 a5 40.Qe6+ Kd8
41.Rf7# 1-0

[Event "18th ch-EUR Indiv w 2017"]
[Site "Riga LAT"]
[Date "2017.04.21"]
[Round "10.52"]
[White "Zherebtsova,A"]
[Black "Sinitsina,Anastassia"]
[Result "1-0"]
[WhiteElo "2222"]
[BlackElo "2052"]

1.d4 Nf6 2.Nf3 g6 3.g3 Bg7 4.Bg2 O-O 5.O-O d5 6.Nbd2 Nbd7 7.e3 c5 8.b3 e6
9.Bb2 b6 10.Rc1 Ba6 11.Re1 Rc8 12.c4 Re8 13.Rc2 cxd4 14.exd4 Bb7 15.Ne5 Qc7
16.b4 dxc4 17.Rxc4 Qb8 18.Nc6 Qa8 19.b5 Bf8 20.Qb3 Nd5 21.Rec1 N7f6 22.Nf3
Bxc6 23.Rxc6 a6 24.a4 axb5 25.axb5 Qb7 26.Ne5 Red8 27.R1c4 Bd6 28.h3 Ra8
29.Bc1 Qa7 30.Bg5 Bxe5 31.dxe5 Qa1+ 32.Rc1 Qxe5 33.Bxf6 Nxf6 34.Rxb6 Ra1
35.Rc6 Rd2 36.Qb4 Rd1+ 37.Rxd1 Rxd1+ 38.Kh2 Nd7 39.b6 Rd4 40.Qc3 Kg7 41.b7 Kf6
42.Rc8 Ra4 43.Qxe5+ Kxe5 44.Rd8 {#r} 1-0

[Event "ch-RUS Junior Girls 2017"]
[Site "Loo RUS"]
[Date "2017.04.21"]
[Round "2.1"]
[White "Chernyak,Viktoria"]
[Black "Shuvalova,Polina"]
[Result "0-1"]
[WhiteElo "2241"]
[BlackElo "2376"]
[EventType "tourn"]

1.Nf3 Nf6 2.c4 e6 3.g3 d5 4.Bg2 Be7 5.O-O O-O 6.d4 c6 7.Qc2 b6 8.b3 Bb7 9.Bb2
Na6 10.Nc3 c5 11.Rfd1 Nb4 12.Qb1 dxc4 13.dxc5 Qc8 14.cxb6 cxb3 15.axb3 axb6
16.e3 h6 17.Rxa8 Qxa8 18.Ne1 Bxg2 19.Nxg2 Rd8 20.Nf4 e5 21.Nfe2 Qf3 22.Rxd8+
Bxd8 23.Ba3 Ng4 24.Nd1 Nd5 25.Qd3 Bg5 26.Nc1 Ndxe3 27.fxe3 Bxe3+ {#R} 0-1

[Event "ch-RUS Junior Girls 2017"]
[Site "Loo RUS"]
[Date "2017.04.21"]
[Round "2.4"]
[White "Maltsevskaya,Aleksandra"]
[Black "Obolentseva,Alexandra"]
[Result "0-1"]
[WhiteElo "2238"]
[BlackElo "2346"]
[EventType "tourn"]

1.d4 Nf6 2.c4 g6 3.Nc3 Bg7 4.e4 d6 5.Nf3 O-O 6.Be2 e5 7.O-O exd4 8.Nxd4 Re8
9.f3 c6 10.Kh1 a6 11.Nc2 b5 12.Bf4 Bf8 13.Qd2 Ra7 14.Rad1 Rd7 15.a4 bxc4
16.Bxc4 a5 17.Nd4 Qb6 18.Bg5 Bg7 19.Qf2 Qc5 20.e5 dxe5 21.Bxf6 Qxc4 22.Bxg7
Kxg7 23.Nc2 Red8 24.Ne3 Qe6 25.Rde1 Ba6 26.Rg1 f5 27.f4 Rd2 28.Qh4 R8d4 29.Ng4
e4 30.Ne5 Qf6 31.Qh3 Nd7 32.g4 Nxe5 33.fxe5 Qxe5 34.gxf5 Bc8 35.Ref1 Kg8
36.Qh5 e3 37.Rxg6+ hxg6 38.Qxg6+ Kf8 39.Qh6+ Qg7 40.Qh3 c5 {#R} 0-1

[Event "ch-VIE 2017"]
[Site "Hanoi VIE"]
[Date "2017.04.21"]
[Round "8.1"]
[White "Nguyen Van Huy"]
[Black "Dao Thien Hai"]
[Result "1-0"]
[WhiteElo "2430"]
[BlackElo "2456"]

1.d4 d5 2.Nf3 Nf6 3.c4 c6 4.Nc3 dxc4 5.a4 Bf5 6.Nh4 Bc8 7.e3 e5 8.Bxc4 exd4
9.exd4 Be7 10.O-O O-O 11.Re1 Nd5 12.Nf3 Bg4 13.h3 Bxf3 14.Qxf3 Nb4 15.Qe2 Bf6
16.Bf4 N8a6 17.Ne4 Be7 18.Ng3 Bd6 19.Be5 Qd7 20.Rad1 Nc7 21.Nh5 Bxe5 22.Qxe5
Ne8 23.Qxg7+ Nxg7 24.Nf6+ Kh8 25.Nxd7 Rfd8 26.Ne5 {#r} 1-0

[Event "ch-VIE 2017"]
[Site "Hanoi VIE"]
[Date "2017.04.21"]
[Round "8.4"]
[White "Vo Thanh Ninh"]
[Black "To,N"]
[Result "1-0"]
[WhiteElo "2414"]
[BlackElo "2313"]

1.c4 Nf6 2.g3 g6 3.Bg2 Bg7 4.Nc3 O-O 5.e4 c5 6.Nge2 Nc6 7.d3 d6 8.O-O a6 9.a3
Rb8 10.Rb1 b5 11.cxb5 axb5 12.b4 Ba6 13.Bf4 e5 14.Bg5 h6 15.Bxf6 Bxf6 16.Nd5
Bg7 17.Rc1 c4 18.dxc4 bxc4 19.Nec3 Nd4 20.a4 f5 21.exf5 gxf5 22.Ne2 Rc8
23.Nxd4 exd4 24.Nf4 Qb6 25.Bd5+ Kh7 26.b5 Bb7 27.Rxc4 Bxd5 28.Nxd5 Qb7 29.Rxc8
Rxc8 30.Qf3 Kh8 31.Re1 Qa8 32.Qb3 Re8 33.Rxe8+ Qxe8 34.b6 Qe1+ 35.Kg2 Qe4+
36.Qf3 Qb1 37.a5 d3 38.a6 d2 39.a7 d1=Q 40.a8=Q+ Kh7 41.Qxd1 Qxd1 42.Ne7 {#r}
1-0

[Event "ch-VIE 2017"]
[Site "Hanoi VIE"]
[Date "2017.04.21"]
[Round "8.9"]
[White "Cao,S"]
[Black "Le Huu Thai"]
[Result "1-0"]
[WhiteElo "2389"]
[BlackElo "2223"]

1.e4 e5 2.Nf3 Nc6 3.Bb5 a6 4.Ba4 Nf6 5.O-O b5 6.Bb3 Be7 7.Re1 d6 8.c3 Na5
9.Bc2 c5 10.h3 O-O 11.d4 cxd4 12.cxd4 Qc7 13.Nbd2 Bd7 14.Nf1 g6 15.Bh6 Rfc8
16.Rc1 Nh5 17.dxe5 dxe5 18.Bb3 Nc4 19.Ne3 Nxe3 20.Rxc7 Nxd1 21.Rxd7 {#r} 1-0

[Event "ch-VIE 2017"]
[Site "Hanoi VIE"]
[Date "2017.04.21"]
[Round "8.12"]
[White "Lu Chan Hung"]
[Black "Phan,Phuong Duc"]
[Result "1-0"]
[WhiteElo "2197"]
[BlackElo "1981"]

1.c4 Nf6 2.g3 e6 3.Nf3 d5 4.Bg2 Bd6 5.b3 O-O 6.Bb2 c5 7.d4 Nc6 8.O-O dxc4
9.bxc4 cxd4 10.Nxd4 Nxd4 11.Qxd4 Qc7 12.Rd1 Rd8 13.Nc3 Be7 14.Nb5 Qd7 15.Rd3
Qxd4 16.Bxd4 e5 17.Bxe5 Bf5 18.Rxd8+ Rxd8 19.Bxb7 Rd2 20.Bf3 Ng4 21.Bc3 Rd7
22.Nd4 Bf6 23.Nxf5 Bxc3 24.Rb1 h5 25.c5 Ne5 26.c6 Rc7 27.Rb7 Nxf3+ 28.exf3 Be5
29.Rxc7 Bxc7 30.Ne7+ Kf8 31.Nd5 Bd6 32.c7 Bxc7 33.Nxc7 Ke7 34.h4 a5 35.Nd5+
Kd6 36.Nf4 g6 37.g4 {#r} 1-0

[Event "ch-VIE 2017"]
[Site "Hanoi VIE"]
[Date "2017.04.21"]
[Round "8.14"]
[White "Nguyen,Dinh Trung"]
[Black "Nguyen Hoang Nam1"]
[Result "0-1"]
[WhiteElo "1751"]
[BlackElo "2218"]

1.e4 c5 2.Nf3 Nc6 3.Bb5 e6 4.Nc3 Nge7 5.O-O a6 6.Bxc6 Nxc6 7.d4 cxd4 8.Nxd4
Qc7 9.Nxc6 dxc6 10.Be3 e5 11.Na4 Be6 12.Bb6 Qc8 13.Qd3 c5 14.c4 Qc6 15.b3 Be7
16.Rad1 O-O 17.Rfe1 a5 18.Qe3 Rfc8 19.Rd5 Bxd5 20.exd5 Qd6 21.f4 f6 22.fxe5
fxe5 23.Qxe5 Qxe5 24.Rxe5 Bf6 25.Re1 Kf7 26.Bxc5 Rxc5 27.Nxc5 Bd4+ 28.Kf1 Bxc5
29.g4 Ra6 30.Kg2 Rf6 31.Re2 Rf4 32.h3 Rd4 33.Rf2+ Ke7 34.Re2+ Kd6 35.Rf2 b6
36.Rf7 Rd2+ 37.Kg3 Bd4 38.a4 Rd3+ 39.Kf4 Rxb3 40.Ke4 Bb2 41.Rf2 Bf6 42.h4 Bxh4
{#R} 0-1

[Event "ch-VIE 2017"]
[Site "Hanoi VIE"]
[Date "2017.04.21"]
[Round "8.16"]
[White "Dang,H"]
[Black "Duong,Thu"]
[Result "1-0"]
[WhiteElo "2304"]
[BlackElo "2048"]

1.e4 c5 2.Nf3 g6 3.d4 cxd4 4.Qxd4 Nf6 5.e5 Nc6 6.Qa4 Nd5 7.Qe4 Nb6 8.Bf4 Bg7
9.Nc3 O-O 10.O-O-O e6 11.h4 f6 12.exf6 d5 13.fxg7 dxe4 14.gxf8=Q+ Qxf8 15.Bd6
Qf5 16.Ng5 Bd7 17.Ngxe4 Nd5 18.g4 Qf7 19.g5 Kg7 20.Bc4 Nxc3 21.bxc3 Rc8 22.Nf6
Na5 23.Bb3 Bc6 24.Rhe1 Nxb3+ 25.axb3 b5 26.Rd4 Rd8 27.Red1 Qb7 28.Ng4 Rd7
29.Rf4 Rxd6 30.Rxd6 Qc7 31.Rfd4 Bd5 32.Nf6 Qxc3 33.Rd7+ Kf8 34.Nxh7+ Ke8
35.Nf6+ Kf8 36.Rd3 Qe1+ 37.Rd1 Qxf2 38.Nxd5 exd5 39.R1xd5 b4 40.Kb2 Qf3 41.Rc5
Ke8 42.Rxa7 Qg4 43.Rc4 {#r} 1-0

[Event "ch-VIE w 2017"]
[Site "Hanoi VIE"]
[Date "2017.04.21"]
[Round "8.1"]
[White "Nguyen Thi Thanh An"]
[Black "Hoang Thi Bao Tram"]
[Result "0-1"]
[WhiteElo "2277"]
[BlackElo "2370"]

1.d4 d5 2.c4 c6 3.Nf3 Nf6 4.Nc3 e6 5.e3 Nbd7 6.Bd3 Bd6 7.O-O O-O 8.b3 e5
9.dxe5 Nxe5 10.Bb2 Bg4 11.Be2 Bxf3 12.Bxf3 dxc4 13.bxc4 Nxc4 14.Qc2 Nxb2
15.Qxb2 Qa5 16.g3 Be5 17.Rac1 Rad8 18.Rc2 Rd3 19.Rfc1 b5 20.a3 Bd6 21.Be2 Bxa3
22.Qa2 Rd6 23.Nb1 Bb4 24.Qxa5 Bxa5 25.Rxc6 Rxc6 26.Rxc6 b4 27.Nd2 Rb8 28.Ra6
Bb6 29.Nc4 Bc5 30.Rc6 Bf8 31.Ra6 b3 32.Ra1 b2 33.Nxb2 Rxb2 34.Bc4 Rb4 35.Bxf7+
Kh8 36.h4 {#R} 0-1

[Event "ch-VIE w 2017"]
[Site "Hanoi VIE"]
[Date "2017.04.21"]
[Round "8.3"]
[White "Nguyen,Thi Phuong Thao"]
[Black "Pham Le Thao Nguyen"]
[Result "1-0"]
[WhiteElo "2077"]
[BlackElo "2341"]

1.d4 Nf6 2.c4 e6 3.Nf3 d5 4.Nc3 Bb4 5.e3 O-O 6.Qc2 b6 7.cxd5 exd5 8.Bd3 Bb7
9.O-O a6 10.Ne5 Bd6 11.Bd2 c5 12.f4 c4 13.Be2 b5 14.a3 Nc6 15.Bf3 Ne7 16.g4
Nd7 17.Bg2 f6 18.Nf3 Nb6 19.Be1 Qd7 20.h3 a5 21.Ne2 b4 22.axb4 axb4 23.Bg3 Ra4
24.Nd2 Rfa8 25.Rxa4 Qxa4 26.Qc1 Qb5 27.Re1 Ra2 28.e4 dxe4 29.Bxe4 Bxe4 30.Nxe4
Qc6 31.Nxd6 Qxd6 32.f5 Qd7 33.Qb1 Ra7 34.Qe4 Ned5 35.Nf4 Nxf4 36.Qxf4 Rb7
37.Qd6 Nd5 38.Qa6 c3 39.Bd6 Qc8 40.Qxb7 {#r} 1-0

[Event "ch-VIE w 2017"]
[Site "Hanoi VIE"]
[Date "2017.04.21"]
[Round "8.4"]
[White "Vo Thi Kim Phung"]
[Black "Ngo Thi Kim Tuyen"]
[Result "1-0"]
[WhiteElo "2319"]
[BlackElo "1960"]

1.d4 Nf6 2.Nf3 g6 3.g3 Bg7 4.Bg2 d6 5.O-O O-O 6.a4 a5 7.Nc3 Nc6 8.e4 e5 9.dxe5
dxe5 10.Bg5 Bg4 11.Nd5 Nd4 12.c3 Bxf3 13.Bxf3 Ne6 14.Be3 Nd7 15.Bg4 c6 16.Bxe6
fxe6 17.Nb6 Nxb6 18.Qxd8 Rfxd8 19.Bxb6 Rd2 20.Rab1 Ra6 21.Be3 Rd6 22.Bc5 Rd8
23.Rfd1 Re8 24.Rd7 b6 25.Be3 Bf8 26.Rbd1 b5 27.b3 bxa4 28.bxa4 h5 29.Rc7 Re7
30.Rc8 Kg7 31.Rd6 Kf7 32.Rdd8 Bg7 33.h4 Rb7 34.Kg2 {#r} 1-0

[Event "ch-VIE w 2017"]
[Site "Hanoi VIE"]
[Date "2017.04.21"]
[Round "8.5"]
[White "Nguyen Thi Diem Huong"]
[Black "Nguyen Thi Mai Hung"]
[Result "0-1"]
[WhiteElo "2088"]
[BlackElo "2266"]

1.e4 e6 2.d4 d5 3.Nc3 Nf6 4.Bg5 dxe4 5.Nxe4 Nbd7 6.Nf3 h6 7.Bxf6 Nxf6 8.Bd3
Be7 9.O-O O-O 10.Qe2 Nd5 11.Rfd1 Nf4 12.Qe3 Nxd3 13.Rxd3 b6 14.c4 Bb7 15.Ne5
Qe8 16.Qf4 f6 17.Ng4 Qg6 18.d5 e5 19.Nexf6+ Bxf6 20.Nxf6+ Rxf6 21.Qd2 Raf8
22.f3 Rxf3 23.Rxf3 Rxf3 24.Qe2 Rf5 25.Re1 Rg5 26.Qd2 Qd6 27.b4 c6 28.Rf1 cxd5
29.Qe2 {#R} 0-1

[Event "ch-VIE w 2017"]
[Site "Hanoi VIE"]
[Date "2017.04.21"]
[Round "8.7"]
[White "Ton,N"]
[Black "Pham Thi Thu Hien"]
[Result "0-1"]
[WhiteElo "1960"]
[BlackElo "2170"]

1.d4 d5 2.c4 e6 3.Nc3 Nf6 4.Bg5 Nbd7 5.cxd5 exd5 6.e3 c6 7.Qc2 Be7 8.Bd3 Nh5
9.Bxe7 Qxe7 10.Nge2 g6 11.O-O-O Nb6 12.h3 Be6 13.g4 Ng7 14.Ng3 O-O-O 15.Kb1 h5
16.Qe2 Rde8 17.f4 Bd7 18.Rde1 hxg4 19.hxg4 Rxh1 20.Nxh1 Qh4 21.Rg1 Qe7 22.Nd1
Rh8 23.Ng3 Kb8 24.Qf3 Ne8 25.f5 g5 26.e4 dxe4 27.Qxe4 Qd6 28.Qe5 f6 29.Qxd6+
Nxd6 30.Nf2 Nd5 31.Nfe4 Nxe4 32.Nxe4 b5 33.Bc2 Rh4 34.a4 Ne3 35.Bb3 bxa4
36.Bxa4 Nxg4 {#R} 0-1

[Event "ch-VIE w 2017"]
[Site "Hanoi VIE"]
[Date "2017.04.21"]
[Round "8.11"]
[White "Dang Bich Ngoc"]
[Black "Nguyen,Thi Thuy"]
[Result "1-0"]
[WhiteElo "2176"]
[BlackElo "1947"]

1.Nf3 d5 2.g3 Bf5 3.Bg2 e6 4.d3 Nf6 5.O-O Be7 6.c4 c6 7.Nbd2 O-O 8.Nh4 Bg6
9.h3 Bh5 10.cxd5 Nxd5 11.Nhf3 Nd7 12.a3 Bg6 13.Nc4 Bf6 14.Qc2 c5 15.e4 N5b6
16.Na5 Rb8 17.Be3 Qe7 18.Rac1 Rfc8 19.Qb3 h6 20.Nd2 Na8 21.f4 b6 22.Nac4 b5
23.Na5 Qd8 24.f5 c4 25.Qa2 Bh7 26.fxe6 fxe6 27.b4 c3 28.Qxe6+ Kh8 29.Nf3 Nf8
30.Qg4 Qxd3 31.Bxa7 c2 32.e5 Bf5 33.Ne1 Qd7 34.Qxf5 Qxa7+ 35.Kh2 Bg5 36.Rxc2
Rxc2 37.Nxc2 Re8 38.h4 Bd2 39.Nc6 Qc7 40.N2d4 Qb6 41.Be4 Bc3 42.Qxf8+ {#r} 1-0

[Event "ch-VIE w 2017"]
[Site "Hanoi VIE"]
[Date "2017.04.21"]
[Round "8.12"]
[White "Tran,Thi Mong Thu"]
[Black "Huynh,Ngoc Thuy Linh"]
[Result "0-1"]
[WhiteElo "1904"]
[BlackElo "1914"]

1.e4 c5 2.Nf3 d6 3.d4 cxd4 4.Nxd4 Nf6 5.Nc3 g6 6.Be2 Bg7 7.Be3 O-O 8.O-O Nc6
9.f4 Qb6 10.Qd2 Nxe4 11.Nxe4 Bxd4 12.Bxd4 Nxd4 13.Kh1 Nxe2 14.Qxe2 Qxb2 15.Ng5
Qf6 16.Rab1 b6 17.Rb3 h6 18.Ne4 Qd4 19.Rg3 Bf5 20.Re3 Rac8 21.c3 Qc4 22.Qe1
Rc7 23.Ng3 e6 24.Nxf5 exf5 25.Rf2 Rfc8 26.Qd2 Qa4 27.Rfe2 Rd8 28.h4 h5 29.Rg3
Qc6 30.Kh2 Qc5 31.Qe1 Kg7 32.Qd2 Qc4 33.Rd3 Rdd7 34.Rde3 d5 35.Qe1 d4 36.cxd4
Rxd4 37.Re8 Re4 38.R8xe4 fxe4 39.Rxe4 Qxa2 40.Re2 Rc2 41.Rxc2 Qxc2 {#R} 0-1

[Event "ch-VIE w 2017"]
[Site "Hanoi VIE"]
[Date "2017.04.21"]
[Round "8.13"]
[White "Vu,Bui Thi Thanh Van"]
[Black "Tran,Nhat Phuong HN"]
[Result "1-0"]
[WhiteElo "1456"]
[BlackElo "1466"]

1.d4 d5 2.e3 Nf6 3.Nf3 c6 4.Bd3 e6 5.Ne5 Bd6 6.f4 c5 7.c3 b6 8.Nd2 Ba6 9.Bxa6
Nxa6 10.Qf3 Nc7 11.O-O O-O 12.g4 b5 13.g5 Nfe8 14.Qh5 g6 15.Qf3 Ng7 16.Kh1 b4
17.Qg4 a5 18.Rf3 Nf5 19.Rh3 Re8 20.Nf1 f6 21.gxf6 Qxf6 22.Ng3 Nb5 23.Nh5 Qf8
24.Nxg6 Kf7 25.Nxf8 Bxf8 26.Bd2 a4 27.cxb4 cxd4 28.Ng3 Nh6 29.Rxh6 Bxh6
30.Qh5+ Kg7 31.Rg1 Rg8 32.Nf5+ Kf6 33.Qxh6+ Rg6 34.Rxg6+ hxg6 35.Qg5+ Kf7
36.Qe7+ Kg8 37.Qg7# 1-0

[Event "ch-VIE w 2017"]
[Site "Hanoi VIE"]
[Date "2017.04.21"]
[Round "8.15"]
[White "Bui,Thuy Vy"]
[Black "Nguyen,Hong Ngoc"]
[Result "0-1"]
[WhiteElo "1750"]
[BlackElo "1968"]

1.d4 d5 2.Nf3 Nf6 3.Bf4 e6 4.e3 Bd6 5.Ne5 O-O 6.Bd3 c5 7.c3 Nc6 8.Nd2 h6 9.O-O
Qc7 10.Ndf3 Nd7 11.Nxd7 Bxd7 12.Bxd6 Qxd6 13.dxc5 Qxc5 14.e4 dxe4 15.Bxe4 Rfd8
16.Qe2 Rab8 17.Rfd1 Ne7 18.Ne5 Qc7 19.Rd3 Ba4 20.Rg3 Nf5 21.Bxf5 exf5 22.b3
Bd7 23.Nxd7 Qxd7 24.f4 Re8 25.Re3 Rxe3 26.Qxe3 Re8 27.Qf3 Qd2 28.Rf1 b6 29.Qc6
Re6 30.Qa8+ Kh7 31.Qxa7 Qe3+ 32.Kh1 Qf2 {#R} 0-1

[Event "81st ch-BUL 2017"]
[Site "Montana BUL"]
[Date "2017.04.21"]
[Round "1.2"]
[White "Rusev,K"]
[Black "Galunova,T"]
[Result "1-0"]
[WhiteElo "2540"]
[BlackElo "2169"]

1.d4 d5 2.Nf3 Nf6 3.e3 c6 4.Bd3 Bg4 5.Nbd2 e6 6.b3 Nbd7 7.Bb2 Bd6 8.c4 O-O
9.Qc2 Bxf3 10.Nxf3 Qc7 11.O-O Rac8 12.c5 Be7 13.b4 b5 14.a4 a6 15.Ra3 Rb8
16.Rfa1 Rb7 17.axb5 axb5 18.h3 Rc8 19.Bc3 g6 20.Ra6 Kg7 21.R1a3 Nb8 22.Ra8
Nbd7 23.R8a5 Rcb8 24.Ra2 Rc8 25.Qb1 Ne8 26.e4 Nef6 27.e5 Ne8 28.Qe1 Qd8 29.Bd2
Rbb8 30.Qe3 Kg8 31.Nh2 Ra8 32.Ng4 Nc7 33.Qf4 Kg7 34.g3 Rcb8 35.h4 h5 36.Qh6+
Kg8 37.Bxg6 fxg6 38.Qxg6+ Kh8 39.Nh6 {#r} 1-0

[Event "81st ch-BUL 2017"]
[Site "Montana BUL"]
[Date "2017.04.21"]
[Round "1.3"]
[White "Enchev,I"]
[Black "Marholev,D"]
[Result "1-0"]
[WhiteElo "2482"]
[BlackElo "2224"]

1.d4 Nc6 2.Nf3 d6 3.c4 e5 4.Nc3 Nf6 5.d5 Ne7 6.e4 Ng6 7.h3 Be7 8.Be3 Bd7 9.Qd2
c6 10.Be2 cxd5 11.cxd5 a6 12.b4 Rc8 13.Rc1 O-O 14.O-O Nh5 15.Nxe5 dxe5 16.Bxh5
Bxb4 17.Qb2 Qa5 18.Nb1 Bb5 19.Rfd1 Bd6 20.Bd2 Qa4 21.Nc3 Rxc3 22.Rxc3 Qxe4
23.Be3 Nf4 24.Bxf4 Qxf4 25.g3 Qh6 26.Bg4 f5 27.Be2 Bxe2 28.Qxe2 Qxh3 29.Rb1 b5
30.Rc6 Rf6 31.Rxd6 Rxd6 32.Qxe5 Rd8 33.Qe6+ Kh8 34.Re1 h6 35.d6 Qh5 36.d7 Kh7
37.Qd5 Qg6 38.Re6 Qh5 39.Re5 a5 40.Rxf5 Qe2 41.Rf7 Qc4 42.Qf5+ Kg8 43.Re7 {#r}
1-0

[Event "81st ch-BUL 2017"]
[Site "Montana BUL"]
[Date "2017.04.21"]
[Round "1.4"]
[White "Stefanov,Emil"]
[Black "Yordanov,Lachezar"]
[Result "0-1"]
[WhiteElo "2475"]
[BlackElo "2243"]

1.d4 Nf6 2.Bg5 Ne4 3.Bf4 d5 4.f3 Nf6 5.e3 e6 6.c3 Bd6 7.Bd3 O-O 8.Nd2 c5 9.Ne2
Nc6 10.Bxd6 Qxd6 11.f4 Ng4 12.Nf1 c4 13.Bc2 f5 14.h3 Nf6 15.g4 b5 16.Nfg3 Ne7
17.Qd2 a5 18.a3 Ne4 19.Bxe4 dxe4 20.O-O Nd5 21.Kh2 Bd7 22.Rg1 Kh8 23.Rg2 Nf6
24.Nh1 fxg4 25.Nf2 gxh3 26.Nxh3 Be8 27.Rag1 Ra7 28.Qe1 Bh5 29.Rg5 b4 30.Nf2
Bf3 31.a4 Rb8 32.R1g3 h6 33.Re5 bxc3 34.Nxc3 Rxb2 35.Kh3 Qc6 36.Rc5 Qe8 37.Nb5
Rd7 38.Qg1 g5 39.Kh2 Ng4+ 40.Rxg4 Qh5+ {#R} 0-1

[Event "81st ch-BUL 2017"]
[Site "Montana BUL"]
[Date "2017.04.21"]
[Round "1.6"]
[White "Petrov,Martin"]
[Black "Vutov,M"]
[Result "1-0"]
[WhiteElo "2438"]
[BlackElo "2337"]

1.e4 c5 2.Nf3 d6 3.d4 cxd4 4.Nxd4 Nf6 5.Nc3 e6 6.Be2 Be7 7.O-O Nc6 8.Be3 O-O
9.f4 e5 10.Nb3 exf4 11.Bxf4 Be6 12.Kh1 Rc8 13.Qe1 Nd7 14.Rd1 Nde5 15.Nd5 Bg5
16.Bg3 Bxd5 17.exd5 Ne7 18.Bxe5 dxe5 19.c4 b6 20.c5 bxc5 21.Ba6 Rb8 22.Nxc5
Ng6 23.b4 Rb6 24.a4 Be7 25.Bb5 Bd6 26.Qf2 Qe7 27.Rc1 Rd8 28.Rfd1 Nf8 29.Qe2
Qh4 30.Rc4 Qh6 31.Ne4 a6 32.Nxd6 Qxd6 33.Rc6 Rxc6 34.Bxc6 Qxb4 35.Qxa6 Ne6
36.Rf1 Nf4 37.Qb5 Qe4 38.d6 Qd4 39.d7 h5 40.a5 h4 41.Qb6 Rxd7 42.Bxd7 Qxd7
43.Qb8+ {#r} 1-0